LEADER 01221nam a2200265 i 4500 001 000000247284 003 CaOOAMICUS 005 20151229000000.0 008 151229s1770 xx u000 u lat u 013 $a226189 026 $au-ui umis e,2. bic. (C) 1770 (Q) 040 $aSeMil$bita 245 14$aDie 20. Octobris. In festo S. Johannis Cantii confessoris. Missa. 260 $a(Mediolani :$bapud Impress. Archiepisc.,$c1770) 300 $a[1] c. ;$cfol. 500 $aTitolo dell'intitolazione. - Rilegato con varie altre Messe proprie dei santi di ed. posteriori con 3K-VI-96 FA. 650 4$aLibri liturgici - Messale ambrosiano - Proprio dei santi.$0(OLS)http://semarc/subject/9357 710 2 $aTipografia arcivescovile$b.$0(OLS)http://semarc/name/20021 710 2 $aChiesa Cattolica.$0(OLS)http://semarc/name/987 850 $aSeMil 852 $aSeMil$W1$xVenegono$y1$m3K VI 117 FA$j197630$B197630$CSeMilBibl$Z2$F208718 $8I 910 2 $aSanta Sede. 996 $6245$aDie 20. Octobris. In festo S. Johannis Cantii confessoris. Missa$9(OLS)http://semarc/title/349177 996 $6260$a(Mediolani :$bapud Impress. Archiepisc.$9(OLS)http://semarc/publisher/55145 LEADER 00510nab a2200145 i 4500 001 000000313273 003 CaOOAMICUS 005 20180831173108.0 008 180831n xx uu u0 0und r 013 $a22364 040 $aSeMil$bita 100 1 $aBoson, Giustino.$0(OLS)http://semarc/name/22662 245 13$aIl concetto del peccato nella religione assiro-babilonese. 773 0 $t[Luglio-Dicembre].$g433-448$w()274228 996 $6245$aIl concetto del peccato nella religione assiro-babilonese$9(OLS)http://semarc/title/387572